| 000 | 00447 a2200145 4500 | ||
|---|---|---|---|
| 005 | 20250625145419.0 | ||
| 020 | _a978-0-07-296297-6 | ||
| 082 | _a808.042 DIE | ||
| 100 | _aDIETSCH, B. M. | ||
| 245 | _aReasoning & Writing Well: A Rhetoric, Research Guide, Reader and Handbook. | ||
| 250 | _a4th Ed. | ||
| 260 |
_aBoston, _bMcGraw-Hill, _c2006. |
||
| 300 |
_axxxii, 793p., ill., table, figure, picture _bIndex, glossary _c24cm. |
||
| 942 |
_2ddc _cBKS |
||
| 999 |
_c1013 _d1013 |
||